The light fantastic : (Record no. 598472)
[ view plain ]
| 000 -LEADER | |
|---|---|
| fixed length control field | 00330nam a2200121Ia 4500 |
| 008 - FIXED-LENGTH DATA ELEMENTS--GENERAL INFORMATION | |
| fixed length control field | 230907s9999||||xx |||||||||||||| ||und|| |
| 082 ## - DEWEY DECIMAL CLASSIFICATION NUMBER | |
| Classification number | 535 |
| Author Mark | KEY |
| 100 ## - MAIN ENTRY--PERSONAL NAME | |
| Personal name | Kenyon, I. R. |
| 9 (RLIN) | 115466 |
| 245 #4 - TITLE STATEMENT | |
| Title | The light fantastic : |
| 260 ## - PUBLICATION, DISTRIBUTION, ETC. | |
| Place of publication, distribution, etc. | Oxford University Press, |
| Name of publisher, distributor, etc. | Oxford ; | New York : |
| Date of publication, distribution, etc. | 2012 |
| 300 ## - PHYSICAL DESCRIPTION | |
| Extent | xxi, 710 p. : |
| 942 ## - ADDED ENTRY ELEMENTS (KOHA) | |
| Koha item type | Book |
| Withdrawn status | Lost status | Damaged status | Not for loan | Permanent Location | Current Location | Date acquired | Total Checkouts | Full call number | Barcode | Date last seen | Price effective from | Koha item type |
|---|---|---|---|---|---|---|---|---|---|---|---|---|
| US-Pakistan Center for Advanced Studies in Energy (USPCAS-E) | US-Pakistan Center for Advanced Studies in Energy (USPCAS-E) | 07/18/2019 | 535 KEY | CAS-E0002571 | 09/12/2023 | 09/12/2023 | Book |
